000 00455nam a2200133Ia 4500
005 20260326235506.0
008 260326s9999||||xx |||||||||||||| ||und||
100 _aAlfaro Salazar, Francisco Haroldo
245 0 _aEspacios distantes...aún vivos :
_b Las salas cinematoGráficas de la Ciudad de México /
_cFrancisco Haroldo Alfaro Salazar
260 _bUniversidad Autónoma Metropolitana
300 _a240 p.
650 _aARQUITECTURA CIVIL
942 _cBK
999 _c8174
_d8174